Деятельность нарядов патрульно-постовой службы полиции по выявлению, пресечению и документированию правонарушений и преступлений на маршруте патрулирования (Запись № 13543913)

Подробности
000 -МАРКЕР
контрольное поле 02438nam0a2200349 4500
001 - ИДЕНТИФИКАТОР ЗАПИСИ
контрольное поле RU\NLR\BIBL_A\022667421
005 - ИДЕНТИФИКАТОР ВЕРСИИ
контрольное поле 20260203125335.0
021 ## - НОМЕР ГОСУДАРСТВЕННОЙ РЕГИСТРАЦИИ
Код страны Российская Федерация
Номер КН-П-25-060443
Номер Листа государственной регистраци КН-П-25-5833
035 ## - ДРУГИЕ СИСТЕМНЫЕ НОМЕРА
Идентификатор записи (NLR Aleph) 022667421
100 ## - ДАННЫЕ ОБЩЕЙ ОБРАБОТКИ
Данные общей обработки 20251118d2025 u y0rusy50 ca
101 0# - ЯЗЫК РЕСУРСА
Язык текста, звукозаписи и т.д. русский
102 ## - СТРАНА ПУБЛИКАЦИИ ИЛИ ПРОИЗВОДСТВА
Страна публикации Российская Федерация
105 ## - ПОЛЕ КОДИРОВАННЫХ ДАННЫХ: ТЕКСТОВЫЕ МАТЕРИАЛЫ, МОНОГРАФИЧЕСКИЕ
Кодированные данные о монографическом текстовом документе y j 000yy
181 #0 - ПОЛЕ КОДИРОВАННЫХ ДАННЫХ: ВИД СОДЕРЖАНИЯ
Код вида содержания (ISBD) i
Код характеристики содержания (ISBD) axxe
182 #0 - ПОЛЕ КОДИРОВАННЫХ ДАННЫХ: ТИП СРЕДСТВА
Код типа средства (ISBD) n - непосредственное
200 1# - ЗАГЛАВИЕ И СВЕДЕНИЯ ОБ ОТВЕТСТВЕННОСТИ
Основное заглавие Деятельность нарядов патрульно-постовой службы полиции по выявлению, пресечению и документированию правонарушений и преступлений на маршруте патрулирования
Сведения, относящиеся к заглавию учебное посбие
-- для педагогических работников и слушателей образовательных организаций системы МВД России
Первые сведения об ответственности Л. Б. Прудникова, О. А. Бекман, И. В. Бушуев, В. Н. Чернышов
Последующие сведения об ответственности Федеральное государственное казенное образовательное учреждение высшего образования "Ростовский юридический институт Министерства внутренних дел Российской Федерации" (ФГКОУ ВО РЮИ МВД России)
203 ## - ВИД СОДЕРЖАНИЯ И ТИП СРЕДСТВА
Вид содержания Текст
Дополнительные сведения об издании визуальный
Тип средства непосредственный
210 ## - ПУБЛИКАЦИЯ, РАСПРОСТРАНЕНИЕ И ДР.
Место издания, распространения и т.д. Ростов-на-Дону
Имя издателя, распространителя и т. д. РЮИ
Дата издания, распространения и т.д. 2025
215 ## - ФИЗИЧЕСКАЯ ХАРАКТЕРИСТИКА
Специфическое обозначение материала и объем 95 с.
Размеры 20
300 ## - ОБЩИЕ ПРИМЕЧАНИЯ
Текст примечания Над вып. дан. 1-й авт.: Прудникова Л. Б., канд. юрид. наук, доц.
320 ## - ПРИМЕЧАНИЯ О НАЛИЧИИ В ДОКУМЕНТЕ БИБЛИОГРАФИИ / УКАЗАТЕЛЯ
Текст примечания Библиогр.: с. 80–81 (13 назв.)
606 1# - НАИМЕНОВАНИЕ ТЕМЫ КАК ПРЕДМЕТ
Наименование темы Полиция
Формальный подзаголовок Учебные издания
Тематический подзаголовок Патрульно-постовая служба
Географический подзаголовок Российская Федерация
Системный номер авторитетной/нормативной записи 2140574
Идентификатор авторитетной/нормативной записи RU\NLR\AUTH\661594740
686 1# - ИНДЕКСЫ ДРУГИХ КЛАССИФИКАЦИЙ
Индекс Х621.163.1я7
701 #1 - ИМЯ ЛИЦА - АЛЬТЕРНАТИВНАЯ ОТВЕТСТВЕННОСТЬ
Начальный элемент ввода Прудникова
Часть имени, кроме начального элемента ввода Л. Б.
Расширение инициалов личного имени Лариса Борисовна
701 #1 - ИМЯ ЛИЦА - АЛЬТЕРНАТИВНАЯ ОТВЕТСТВЕННОСТЬ
Начальный элемент ввода Бекман
Часть имени, кроме начального элемента ввода О. А.
Расширение инициалов личного имени Ольга Андреевна
701 #1 - ИМЯ ЛИЦА - АЛЬТЕРНАТИВНАЯ ОТВЕТСТВЕННОСТЬ
Начальный элемент ввода Бушуев
Часть имени, кроме начального элемента ввода И. В.
Расширение инициалов личного имени Игорь Венальевич
701 #1 - ИМЯ ЛИЦА - АЛЬТЕРНАТИВНАЯ ОТВЕТСТВЕННОСТЬ
Начальный элемент ввода Чернышов
Часть имени, кроме начального элемента ввода В. Н.
Дополнения к именам, кроме дат сотрудник полиции
Даты 1978-
Расширение инициалов личного имени Владимир Николаевич
Системный номер авторитетной/нормативной записи 2694525
Идентификатор авторитетной/нормативной записи RU\NLR\AUTH\770289229
942 ## - ДОПОЛНИТЕЛЬНЫЕ ЭЛЕМЕНТЫ ЗАПИСИ (АБИС)
Тип экземпляра АБИС Книга
980 ## - КОЛЛЕКЦИЯ
Название коллекции Национальная библиография

Нет доступных экземпляров.